<?xml version="1.0" encoding="UTF-8"?>
<record
    xmlns:xsi="http://www.w3.org/2001/XMLSchema-instance"
    xsi:schemaLocation="http://www.loc.gov/MARC21/slim http://www.loc.gov/standards/marcxml/schema/MARC21slim.xsd"
    xmlns="http://www.loc.gov/MARC21/slim">

  <leader>00898nam a22001697a 4500</leader>
  <controlfield tag="008">111115s1998    ua||||||r|||  000 0 ara d </controlfield>
  <datafield tag="082" ind1=" " ind2=" ">
    <subfield code="2">22</subfield>
    <subfield code="a">243</subfield>
    <subfield code="b">&#x648; &#x627; &#x62A;</subfield>
  </datafield>
  <datafield tag="245" ind1=" " ind2=" ">
    <subfield code="a">&#x627;&#x644;&#x642;&#x636;&#x627;&#x621; &#x648;&#x627;&#x644;&#x642;&#x62F;&#x631; &#x641;&#x649; &#x641;&#x62C;&#x631; &#x627;&#x644;&#x625;&#x633;&#x644;&#x627;&#x645; &#x648;&#x636;&#x62D;&#x627;&#x647; &#x627;&#x644;&#x642;&#x631;&#x648;&#x646; &#x627;&#x644;&#x62B;&#x644;&#x627;&#x62B;&#x629; &#x627;&#x644;&#x623;&#x648;&#x644;&#x649; /</subfield>
    <subfield code="c">&#x62A;&#x623;&#x644;&#x64A;&#x641; &#x648;.&#x645;&#x648;&#x646;&#x62A;&#x62C;&#x645;&#x631;&#x649; &#x648;&#x627;&#x62A;. &#x61B; &#x62A;&#x631;&#x62C;&#x645;&#x629; &#x648;&#x62F;&#x631;&#x627;&#x633;&#x629; &#x639;&#x628;&#x62F; &#x627;&#x644;&#x631;&#x62D;&#x645;&#x646; &#x639;&#x628;&#x62F;&#x627;&#x644;&#x644;&#x647; &#x627;&#x644;&#x634;&#x64A;&#x62E;</subfield>
  </datafield>
  <datafield tag="260" ind1=" " ind2=" ">
    <subfield code="a">&#x627;&#x644;&#x642;&#x627;&#x647;&#x631;&#x629; :</subfield>
    <subfield code="b">&#x627;&#x644;&#x647;&#x64A;&#x626;&#x629; &#x627;&#x644;&#x645;&#x635;&#x631;&#x64A;&#x629; &#x627;&#x644;&#x639;&#x627;&#x645;&#x629; &#x644;&#x644;&#x643;&#x62A;&#x627;&#x628;&#x60C;</subfield>
    <subfield code="c">1998.</subfield>
  </datafield>
  <datafield tag="300" ind1=" " ind2=" ">
    <subfield code="a">295 &#x635;. &#x61B;</subfield>
    <subfield code="c">24 &#x633;&#x645;.</subfield>
  </datafield>
  <datafield tag="500" ind1=" " ind2=" ">
    <subfield code="a">&#x647;&#x630;&#x647; &#x62A;&#x631;&#x62C;&#x645;&#x629; &#x644;&#x643;&#x62A;&#x627;&#x628; : Free Will and Predestination in Early Islam /by W. Montgomery Watt, 1942</subfield>
  </datafield>
  <datafield tag="504" ind1=" " ind2=" ">
    <subfield code="a">&#x64A;&#x634;&#x62A;&#x645;&#x644; &#x639;&#x644;&#x649; &#x625;&#x631;&#x62C;&#x627;&#x639;&#x627;&#x62A; &#x628;&#x628;&#x644;&#x64A;&#x648;&#x62C;&#x631;&#x627;&#x641;&#x64A;&#x629;: &#x635;290-295</subfield>
  </datafield>
  <datafield tag="650" ind1=" " ind2=" ">
    <subfield code="9">27094</subfield>
    <subfield code="a">&#x627;&#x644;&#x642;&#x636;&#x627;&#x621; &#x648;&#x627;&#x644;&#x642;&#x62F;&#x631;</subfield>
  </datafield>
  <datafield tag="653" ind1=" " ind2=" ">
    <subfield code="b">General</subfield>
    <subfield code="c">November2011</subfield>
  </datafield>
  <datafield tag="700" ind1=" " ind2=" ">
    <subfield code="9">27752</subfield>
    <subfield code="a">&#x627;&#x644;&#x634;&#x64A;&#x62E;&#x60C; &#x639;&#x628;&#x62F;&#x627;&#x644;&#x631;&#x62D;&#x645;&#x646; &#x639;&#x628;&#x62F;&#x627;&#x644;&#x644;&#x647;.</subfield>
  </datafield>
  <datafield tag="942" ind1=" " ind2=" ">
    <subfield code="2">ddc</subfield>
    <subfield code="c">BB</subfield>
  </datafield>
  <datafield tag="999" ind1=" " ind2=" ">
    <subfield code="c">16212</subfield>
    <subfield code="d">16212</subfield>
  </datafield>
  <datafield tag="952" ind1=" " ind2=" ">
    <subfield code="0">0</subfield>
    <subfield code="1">0</subfield>
    <subfield code="2">ddc</subfield>
    <subfield code="4">0</subfield>
    <subfield code="7">0</subfield>
    <subfield code="8">Alef-Baa</subfield>
    <subfield code="a">MAIN</subfield>
    <subfield code="b">MAIN</subfield>
    <subfield code="c">LOW</subfield>
    <subfield code="d">2011-11-15</subfield>
    <subfield code="e">purchase</subfield>
    <subfield code="o">243 &#x648; &#x627; &#x62A;</subfield>
    <subfield code="p">000025639</subfield>
    <subfield code="r">2025-07-15 00:00:00</subfield>
    <subfield code="s">2015-12-01</subfield>
    <subfield code="y">BB</subfield>
  </datafield>
</record>
